Name that Reptile Quiz - Statistics

General Stats
  • This quiz has been taken 103 times
  • The average score is 8 of 9
Answer Stats
Picture Answer % Correct
Crocodile
100%
Alligator
95%
Tortoise
90%
Iguana
87%
Turtle
87%
Chameleon
86%
Snake
83%
Gecko
81%
Komodo Dragon
77%
No matching quizzes found
Score Distribution
Percent of People with Each Score
Percentile by Number Answered
Your Score History
You have not taken this quiz